000 00377nam a22001577a 4500
005 20251108172837.0
008 250721s9999 xx 000 0 ara d
082 1 4 _a793.8/كلو
100 1 _aكلور، جورج
245 1 0 _aفن العاب الخفة /
250 _aط2
264 _bدار الرضوان،
300 _a266ص
942 _2ddc
_cBK
999 _c89872
_d89872